[Event "Tatry op"]
[Site "Tatranske Zruby"]
[Date "2011.10.01"]
[Round "8"]
[White "Pastir, Stanislav"]
[Black "Viszlai, Alexander"]
[Result "1-0"]
[WhiteElo "2055"]
[BlackElo "1895"]
[PlyCount "27"]
[EventDate "2011.09.25"]
[EventType "swiss"]
[EventRounds "9"]
[EventCountry "SVK"]
[SourceTitle "CBM 144 Extra"]
[Source "ChessBase"]
[SourceDate "2011.10.28"]
[SourceVersion "1"]
[SourceVersionDate "2011.10.28"]
[SourceQuality "1"]

1. e4 e5 2. Nf3 Nc6 3. Bb5 a6 4. Ba4 Nf6 5. 0-0 Nxe4 6. d4 b5 7. Bb3 d5 8. dxe5 Be6 9. c3 Be7 10. Be3 Na5 11. Nd4 Bd7 12. Bxd5 Bc6 13. Nxc6 Qd7 14. Bxf7+ 1-0

[Event "Tatry op"]
[Site "Tatranske Zruby"]
[Date "2011.09.29"]
[Round "6"]
[White "Hotak, Marian"]
[Black "Viszlai, Alexander"]
[Result "0-1"]
[WhiteElo "2037"]
[BlackElo "1895"]
[PlyCount "98"]
[EventDate "2011.09.25"]
[EventType "swiss"]
[EventRounds "9"]
[EventCountry "SVK"]
[SourceTitle "CBM 144 Extra"]
[Source "ChessBase"]
[SourceDate "2011.10.28"]
[SourceVersion "1"]
[SourceVersionDate "2011.10.28"]
[SourceQuality "1"]

1. g3 Nf6 2. Bg2 g6 3. c4 Bg7 4. e4 e5 5. Nc3 c6 6. Nge2 d6 7. 0-0 0-0 8. d3 Be6 9. Rb1 a5 10. a3 Nbd7 11. h3 Ne8 12. b4 b6 13. f4 f6 14. f5 Bf7 15. g4 Rb8 16. Be3 Nc7 17. bxa5 b5 18. cxb5 Nxb5 19. Nxb5 cxb5 20. Qd2 Nc5 21. d4 Nb3 22. Qb4 Nxa5 23. d5 Nc4 24. Bc1 Qb6+ 25. Kh2 h5 26. Nc3 hxg4 27. hxg4 gxf5 28. exf5 Be8 29. Rf3 Kf7 30. Ne4 Rh8+ 31. Bh3 Ke7 32. Qe1 Qd4 33. g5 Bf7 34. gxf6+ Bxf6 35. Bg5 Bxg5 36. Nxg5 Qd2+ 37. Qxd2 Nxd2 38. f6+ Ke8 39. Rc1 Nxf3+ 40. Nxf3 Bxd5 41. Ng5 Rh5 42. f7+ Kf8 43. Rg1 Ke7 44. Rg3 Rf8 45. Kg1 Kf6 46. Nf3 Rxf7 47. Bg4 Rh6 48. Nh2 Rfh7 49. Nf1 Be6 0-1

[Event "Tatry op"]
[Site "Tatranske Zruby"]
[Date "2011.09.27"]
[Round "4"]
[White "Kubik, Michael"]
[Black "Viszlai, Alexander"]
[Result "1-0"]
[WhiteElo "1980"]
[BlackElo "1895"]
[PlyCount "109"]
[EventDate "2011.09.25"]
[EventType "swiss"]
[EventRounds "9"]
[EventCountry "SVK"]
[SourceTitle "CBM 144 Extra"]
[Source "ChessBase"]
[SourceDate "2011.10.28"]
[SourceVersion "1"]
[SourceVersionDate "2011.10.28"]
[SourceQuality "1"]

1. e4 e5 2. Nf3 Nc6 3. Bb5 a6 4. Ba4 Nf6 5. 0-0 Nxe4 6. d4 b5 7. Bb3 d5 8. dxe5 Be6 9. Be3 Bc5 10. Qe2 Bxe3 11. Qxe3 0-0 12. Rd1 Ne7 13. Nbd2 Nxd2 14. Rxd2 c6 15. c3 Qc7 16. Re1 c5 17. Bc2 Rad8 18. Ng5 Bf5 19. Bxf5 Nxf5 20. Qh3 Nh6 21. Qd3 g6 22. Qh3 Kg7 23. e6 Qf4 24. Qe3 Qxe3 25. Rxe3 Rfe8 26. exf7 Rxe3 27. fxe3 Rd7 28. e4 Nxf7 29. Ne6+ Kf6 30. Nxc5 Rd6 31. Rxd5 Rxd5 32. exd5 a5 33. Nb3 a4 34. Nd4 Nd6 35. Nc6 Kf5 36. Kf2 Ke4 37. Nb4 Nc4 38. b3 Nb6 39. Ke2 Nd7 40. d6 Nc5 41. Na6 Nb7 42. d7 Ke5 43. Nc5 Nd8 44. b4 Kd5 45. Kd3 Kd6 46. c4 Kc6 47. Kd4 h6 48. a3 h5 49. cxb5+ Kxb5 50. Kd5 Kb6 51. Nxa4+ Kc7 52. Nc5 Nc6 53. Ke6 g5 54. Kf7 g4 55. Ke8 1-0

[Event "Kosice Kotan Memorial 3rd"]
[Site "Kosice"]
[Date "2011.06.29"]
[Round "6"]
[White "Vrabel, Michal"]
[Black "Viszlai, Alexander"]
[Result "0-1"]
[WhiteElo "1984"]
[BlackElo "1873"]
[PlyCount "88"]
[EventDate "2011.06.25"]
[EventType "swiss"]
[EventRounds "9"]
[EventCountry "SVK"]
[SourceTitle "EXT 2012"]
[Source "ChessBase"]
[SourceDate "2011.11.24"]
[SourceVersion "1"]
[SourceVersionDate "2011.11.24"]
[SourceQuality "1"]

1. e4 e5 2. Nf3 Nc6 3. Bb5 a6 4. Ba4 Nf6 5. 0-0 Nxe4 6. d4 b5 7. Bb3 d5 8. dxe5 Be6 9. c3 Be7 10. Bf4 0-0 11. Nbd2 Nc5 12. Bc2 d4 13. cxd4 Nxd4 14. Ne4 Nxc2 15. Qxc2 Qd3 16. Qxd3 Nxd3 17. Bc1 c5 18. Be3 Bd5 19. Nfd2 Rfd8 20. a4 c4 21. Bb6 Rdc8 22. axb5 axb5 23. Nd6 Rcb8 24. Bc7 Rxa1 25. Rxa1 Ra8 26. Rxa8+ Bxa8 27. Nxb5 Nxb2 28. Ba5 Bc5 29. Kf1 Bc6 30. Nc3 Bd4 31. f4 Be3 32. Nf3 Bxf3 33. gxf3 Bxf4 34. h3 Bxe5 35. Ke2 f5 36. Ke3 g5 37. Nd5 Kf7 38. Bc3 Nd1+ 39. Kd2 Nxc3 40. Nxc3 Ke6 41. Ne2 h5 42. Ke3 Kd5 43. Kd2 Kc5 44. Kc2 Kb4 0-1

[Event "SVK-ch Seniors-A"]
[Site "Tatranske Matliare"]
[Date "2011.05.??"]
[Round "7"]
[White "Kopecek, Ivan"]
[Black "Viszlai, Alexander"]
[Result "0-1"]
[WhiteElo "2001"]
[BlackElo "1873"]
[PlyCount "70"]
[EventDate "2011.05.27"]
[EventType "swiss"]
[EventRounds "9"]
[EventCountry "SVK"]
[SourceTitle "EXT 2023"]
[Source "ChessBase"]
[SourceDate "2022.10.05"]
[SourceVersion "1"]
[SourceVersionDate "2022.10.05"]
[SourceQuality "1"]

1. d4 Nf6 2. c4 g6 3. Nc3 Bg7 4. e4 d6 5. f4 0-0 6. Nf3 c5 7. d5 e6 8. Bd3 exd5 9. cxd5 a6 10. a4 Re8 11. 0-0 c4 12. Bc2 Nbd7 13. Be3 Ng4 14. Bd4 Bxd4+ 15. Qxd4 Qf6 16. Qd2 Qd8 17. Rae1 Nc5 18. h3 Nf6 19. e5 Nh5 20. g4 Ng7 21. Ne4 Nxe4 22. Bxe4 Bd7 23. Ng5 Bxa4 24. Qb4 Bb5 25. exd6 c3 26. Rf2 cxb2 27. f5 Qxg5 28. fxg6 hxg6 29. d7 Red8 30. Qd6 Rxd7 31. Qb4 Nh5 32. Qxb2 Nf4 33. Re3 Nxd5 34. Ref3 Rf8 35. h4 Qxg4+ 0-1

[Event "SVK-ch Seniors-A"]
[Site "Tatranske Matliare"]
[Date "2011.05.??"]
[Round "5"]
[White "Vinarcik, Jan"]
[Black "Viszlai, Alexander"]
[Result "0-1"]
[WhiteElo "1948"]
[BlackElo "1873"]
[PlyCount "94"]
[EventDate "2011.05.27"]
[EventType "swiss"]
[EventRounds "9"]
[EventCountry "SVK"]
[SourceTitle "EXT 2023"]
[Source "ChessBase"]
[SourceDate "2022.10.05"]
[SourceVersion "1"]
[SourceVersionDate "2022.10.05"]
[SourceQuality "1"]

1. e4 e5 2. Nf3 Nc6 3. Bb5 a6 4. Bxc6 dxc6 5. d4 exd4 6. Qxd4 Qxd4 7. Nxd4 Bd6 8. Nc3 Bd7 9. Be3 0-0-0 10. 0-0-0 Ne7 11. f3 Rhe8 12. Nde2 Ng6 13. g3 h6 14. Rhe1 f5 15. Bd4 Ne5 16. Bxe5 Bxe5 17. f4 Bd6 18. e5 Bc5 19. Nd4 Re7 20. a3 g6 21. b4 Ba7 22. Na4 Be8 23. c3 b6 24. Nb2 b5 25. Nf3 Bf7 26. Rxd8+ Kxd8 27. Rd1+ Rd7 28. Nd4 Bd5 29. Nd3 Be4 30. Kb2 Ke7 31. Nf2 Bd5 32. Nd3 Be4 33. Nc1 c5 34. bxc5 Bxc5 35. Nce2 Bb6 36. Re1 c5 37. Nb3 a5 38. Kc1 a4 39. Nd2 Bd3 40. Kb2 b4 41. cxb4 cxb4 42. Nf3 bxa3+ 43. Kxa3 Ba5 44. Nc1 Bxe1 45. Nxe1 Bb5 46. Kb4 Rd1 47. Kxb5 Rxc1 0-1

[Event "SVK-ch Seniors-A"]
[Site "Tatranske Matliare"]
[Date "2011.05.??"]
[Round "2"]
[White "Viszlai, Alexander"]
[Black "Sturc, Gustav"]
[Result "1/2-1/2"]
[WhiteElo "1873"]
[BlackElo "2021"]
[PlyCount "44"]
[EventDate "2011.05.27"]
[EventType "swiss"]
[EventRounds "9"]
[EventCountry "SVK"]
[SourceTitle "EXT 2023"]
[Source "ChessBase"]
[SourceDate "2022.10.05"]
[SourceVersion "1"]
[SourceVersionDate "2022.10.05"]
[SourceQuality "1"]

1. e4 e5 2. Nf3 Nc6 3. Bc4 Bc5 4. c3 Nf6 5. d4 exd4 6. cxd4 Bb4+ 7. Nc3 d5 8. exd5 Nxd5 9. 0-0 Bxc3 10. bxc3 0-0 11. Qc2 Qd6 12. a4 Rd8 13. Re1 Bg4 14. Ng5 g6 15. Ne4 Qe6 16. Bg5 Bf5 17. f3 Rd6 18. g4 Bxe4 19. Rxe4 Qd7 20. Rb1 b6 21. Ba2 f5 22. Ree1 fxg4 1/2-1/2

[Event "Tatry op"]
[Site "Tatranske Zruby"]
[Date "2010.10.05"]
[Round "5"]
[White "Hodovsky, Jiri"]
[Black "Viszlai, Alexander"]
[Result "1-0"]
[WhiteElo "2075"]
[BlackElo "1887"]
[PlyCount "79"]
[EventDate "2010.10.02"]
[EventType "swiss"]
[EventRounds "9"]
[EventCountry "SVK"]
[SourceTitle "CBM 138 Extra"]
[Source "ChessBase"]
[SourceDate "2010.10.29"]
[SourceVersion "1"]
[SourceVersionDate "2010.10.29"]
[SourceQuality "1"]

1. e4 e5 2. Nf3 Nc6 3. d4 exd4 4. Bc4 Nf6 5. e5 d5 6. Bb5 Ne4 7. Nxd4 Bd7 8. Bxc6 bxc6 9. 0-0 Bc5 10. Be3 0-0 11. f3 Ng5 12. Qd2 Ne6 13. Qf2 Bb6 14. Nd2 Nxd4 15. Bxd4 Qe7 16. Nb3 Rfe8 17. Rfe1 Qb4 18. c3 Bxd4 19. cxd4 a5 20. Nc5 Be6 21. b3 Reb8 22. Rac1 Bc8 23. Re2 Ba6 24. Rec2 Bb5 25. a4 Ba6 26. f4 Bc8 27. f5 Bxf5 28. Qxf5 Qxd4+ 29. Qf2 Qg4 30. Rf1 Qg6 31. Rc3 Re8 32. Rg3 Qh5 33. Qf6 Qxe5 34. Rxg7+ Kh8 35. Qxe5 Rxe5 36. Rfxf7 Rh5 37. Nd7 Rh6 38. g4 Re8 39. g5 Rh4 40. Nf6 1-0

[Event "Kosice Kotan Memorial 2nd"]
[Site "Kosice"]
[Date "2010.06.27"]
[Round "2"]
[White "Juhar, Roman"]
[Black "Viszlai, Alexander"]
[Result "1-0"]
[WhiteElo "2191"]
[BlackElo "1925"]
[PlyCount "119"]
[EventDate "2010.06.26"]
[EventType "swiss"]
[EventRounds "9"]
[EventCountry "SVK"]
[SourceTitle "CBM 137 Extra"]
[Source "ChessBase"]
[SourceDate "2010.09.01"]
[SourceVersion "1"]
[SourceVersionDate "2010.09.01"]
[SourceQuality "1"]

1. e4 e5 2. g3 Nf6 3. Bg2 c6 4. d4 exd4 5. Qxd4 d6 6. Nc3 Be7 7. Nge2 Nbd7 8. Bf4 Qb6 9. 0-0-0 Qxd4 10. Nxd4 Ne5 11. Nf3 Bg4 12. Bxe5 dxe5 13. Rd3 Nd7 14. h3 Be6 15. Rhd1 f6 16. Nh4 0-0-0 17. Nf5 Bf8 18. f4 Bxf5 19. exf5 exf4 20. g4 Bc5 21. Ne4 Be3+ 22. Rxe3 fxe3 23. Nd6+ Kc7 24. Nf7 Rhe8 25. Nxd8 Kxd8 26. Re1 Nb6 27. b3 Kc7 28. c4 Kd6 29. Kc2 Kc5 30. Kc3 a5 31. a3 Kd6 32. Kd4 Re5 33. Kd3 Nd7 34. b4 axb4 35. axb4 c5 36. b5 b6 37. Bc6 Nf8 38. Be4 h5 39. gxh5 Nd7 40. Kxe3 Re7 41. Rd1+ Kc7 42. Kf4 Ne5 43. Bd5 Rd7 44. Rg1 Nd3+ 45. Ke3 Nb4 46. Be4 Re7 47. Rg2 Kd6 48. Kf4 Kc7 49. h4 Kd8 50. Rg6 Rf7 51. h6 gxh6 52. Rxh6 Ke7 53. Rh8 Rf8 54. Rh6 Na2 55. Bd5 Nc3 56. Be6 Ne2+ 57. Ke4 Kd6 58. Rh7 Ng3+ 59. Kf3 Nf1 60. Rd7+ 1-0

[Event "SVK-ch Seniors-A"]
[Site "Tatranske Matliare"]
[Date "2010.06.06"]
[Round "1"]
[White "Viszlai, Alexander"]
[Black "Fiala, Ivan"]
[Result "0-1"]
[WhiteElo "1925"]
[BlackElo "1745"]
[PlyCount "118"]
[EventDate "2010.06.06"]
[EventType "swiss"]
[EventRounds "9"]
[EventCountry "SVK"]
[SourceTitle "EXT 2023"]
[Source "ChessBase"]
[SourceDate "2022.10.05"]
[SourceVersion "1"]
[SourceVersionDate "2022.10.05"]
[SourceQuality "1"]

1. e4 c5 2. c3 Nc6 3. d4 cxd4 4. cxd4 d5 5. exd5 Qxd5 6. Nf3 Bg4 7. Be2 e6 8. 0-0 Nf6 9. Nc3 Qd8 10. Qb3 Rb8 11. Rd1 Nd5 12. Bd2 Be7 13. Ne4 0-0 14. Qa4 Nb6 15. Qb3 Bxf3 16. Bxf3 Nxd4 17. Qd3 Nxf3+ 18. Qxf3 Nd5 19. Bf4 Rc8 20. Nc3 Qb6 21. Nxd5 exd5 22. b3 Bf6 23. Rac1 d4 24. g4 g6 25. Bh6 Bg7 26. Bxg7 Kxg7 27. Qd5 Rxc1 28. Rxc1 Rd8 29. Qe4 Rd7 30. Rd1 Qf6 31. Kg2 Qd6 32. h4 Qd5 33. Kf3 f5 34. gxf5 gxf5 35. Qxd5 Rxd5 36. Rd3 Kf6 37. Kf4 Ke6 38. Rd2 Kd6 39. Rd3 Kc5 40. a3 a5 41. Rd1 b5 42. Kg5 d3 43. Kh6 Kd4 44. Kxh7 Kc3 45. Kg6 Kc2 46. Rh1 d2 47. h5 d1Q 48. Rxd1 Kxd1 49. f4 Ke2 50. Kg5 Kf3 51. h6 Ke4 52. h7 Rd8 53. b4 axb4 54. axb4 Rh8 55. Kg6 Kxf4 56. Kg7 Rxh7+ 57. Kxh7 Ke3 58. Kg6 f4 59. Kg5 f3 0-1

[Event "SVK-ch Seniors-A"]
[Site "Tatranske Matliare"]
[Date "2010.06.??"]
[Round "8"]
[White "Viszlai, Alexander"]
[Black "Mesaros, Jan"]
[Result "0-1"]
[WhiteElo "1925"]
[BlackElo "1854"]
[PlyCount "22"]
[EventDate "2010.06.06"]
[EventType "swiss"]
[EventRounds "9"]
[EventCountry "SVK"]
[SourceTitle "EXT 2023"]
[Source "ChessBase"]
[SourceDate "2022.10.05"]
[SourceVersion "1"]
[SourceVersionDate "2022.10.05"]
[SourceQuality "1"]

1. e4 c5 2. c3 d5 3. exd5 Qxd5 4. d4 e6 5. Nf3 Nf6 6. Bd3 Be7 7. 0-0 0-0 8. c4 Qd8 9. dxc5 Bxc5 10. a3 a5 11. Nc3 Bd7 0-1

[Event "SVK-chT2D 0910"]
[Site "Slovakia"]
[Date "2010.02.06"]
[Round "8.2"]
[White "Viszlai, Alexander"]
[Black "Belis, Rudolf"]
[Result "0-1"]
[WhiteElo "2009"]
[BlackElo "2122"]
[PlyCount "64"]
[EventDate "2009.10.10"]
[EventType "team"]
[EventRounds "11"]
[EventCountry "SVK"]
[SourceTitle "EXT 2011"]
[Source "ChessBase"]
[SourceDate "2010.11.26"]
[SourceVersion "1"]
[SourceVersionDate "2010.11.26"]
[SourceQuality "1"]
[WhiteTeam "Kosice Slavia III"]
[BlackTeam "Presov PSK"]
[WhiteTeamCountry "SVK"]
[BlackTeamCountry "SVK"]

1. e4 e6 2. d4 d5 3. Nc3 dxe4 4. Nxe4 Nd7 5. c4 Ngf6 6. Nc3 c5 7. Nf3 cxd4 8. Nxd4 Bc5 9. Be2 0-0 10. 0-0 a6 11. a3 Qc7 12. Be3 Ne5 13. b4 Ba7 14. c5 Rd8 15. Qc1 Neg4 16. Nf3 Bb8 17. g3 Bd7 18. Rd1 Bc6 19. Nd4 Be8 20. Bg5 h6 21. Bxg4 hxg5 22. Qxg5 Qe5 23. Nxe6 Rxd1+ 24. Rxd1 fxe6 25. Qxe5 Bxe5 26. Bxe6+ Kf8 27. Nd5 Bc6 28. Nb6 Re8 29. Bc4 Bb2 30. a4 Bf3 31. Rb1 Bd4 32. h3 Ne4 0-1

[Event "SVK-chT2D 0910"]
[Site "Slovakia"]
[Date "2010.01.10"]
[Round "7.5"]
[White "Viszlai, Alexander"]
[Black "Paulina, Pavol"]
[Result "0-1"]
[WhiteElo "2009"]
[BlackElo "2047"]
[PlyCount "80"]
[EventDate "2009.10.10"]
[EventType "team"]
[EventRounds "11"]
[EventCountry "SVK"]
[SourceTitle "EXT 2011"]
[Source "ChessBase"]
[SourceDate "2010.11.26"]
[SourceVersion "1"]
[SourceVersionDate "2010.11.26"]
[SourceQuality "1"]
[WhiteTeam "Kosice Slavia III"]
[BlackTeam "Michalovce Zemplin II"]
[WhiteTeamCountry "SVK"]
[BlackTeamCountry "SVK"]

1. e4 e5 2. Nf3 Nf6 3. d3 Nc6 4. c4 Bc5 5. Be2 0-0 6. 0-0 h6 7. Nc3 d6 8. Na4 Bd4 9. a3 Bd7 10. Nxd4 Nxd4 11. Nc3 a5 12. Be3 c6 13. b4 axb4 14. axb4 Rxa1 15. Qxa1 Nc2 16. Qa7 Qa8 17. Rb1 Qxa7 18. Bxa7 Ra8 19. Bb6 Ra3 20. Nd1 Kf8 21. Ne3 Nd4 22. Bxd4 exd4 23. Nc2 Ra2 24. Bd1 c5 25. b5 Ng4 26. h3 Ne5 27. Ne1 g5 28. Kf1 f5 29. f3 h5 30. Be2 g4 31. hxg4 hxg4 32. Rc1 g3 33. Rc2 Ra1 34. Rd2 Ng6 35. Bd1 Nf4 36. Kg1 fxe4 37. fxe4 Bg4 38. Nf3 Ne2+ 39. Kf1 Nc3 40. Ke1 Rxd1+ 0-1

[Event "SVK-chT2D 0910"]
[Site "Slovakia"]
[Date "2010.01.09"]
[Round "6.6"]
[White "Marcin, Marian"]
[Black "Viszlai, Alexander"]
[Result "1/2-1/2"]
[WhiteElo "1952"]
[BlackElo "2009"]
[PlyCount "112"]
[EventDate "2009.10.10"]
[EventType "team"]
[EventRounds "11"]
[EventCountry "SVK"]
[SourceTitle "EXT 2011"]
[Source "ChessBase"]
[SourceDate "2010.11.26"]
[SourceVersion "1"]
[SourceVersionDate "2010.11.26"]
[SourceQuality "1"]
[WhiteTeam "Velke Kapusany"]
[BlackTeam "Kosice Slavia III"]
[WhiteTeamCountry "SVK"]
[BlackTeamCountry "SVK"]

1. e4 e5 2. Nf3 Nc6 3. Bb5 a6 4. Ba4 Nf6 5. 0-0 Nxe4 6. Re1 Nc5 7. Bxc6 dxc6 8. Nxe5 Be7 9. Nc3 0-0 10. d3 Ne6 11. Be3 c5 12. a4 Bd6 13. Nc4 Be7 14. Ne2 Bf6 15. Nf4 Nxf4 16. Bxf4 Be6 17. Rb1 b5 18. axb5 axb5 19. Ne5 Ra4 20. Bg3 Qa8 21. Ra1 Rd8 22. b3 Ra6 23. Rxa6 Qxa6 24. Qa1 Ra8 25. Qc3 Qa5 26. Qxa5 Rxa5 27. f3 Ra2 28. Re2 g5 29. Nc6 c4 30. bxc4 bxc4 31. Kf2 Ra6 32. Be5 Kg7 33. Bxf6+ Kxf6 34. Nd4 cxd3 35. cxd3 Bd7 36. Rc2 Rd6 37. Ke3 c6 38. Rc5 h5 39. h3 Rd5 40. Rxd5 cxd5 41. Nb3 Bc6 42. Kd4 Kf5 43. Ke3 Ke5 44. d4+ Kf5 45. g4+ Kg6 46. f4 f5 47. Kf3 Ba4 48. gxh5+ Kxh5 49. Nc5 Bd1+ 50. Kg3 g4 51. Ne6 Bf3 52. Nc5 Be2 53. Ne6 gxh3 54. Kxh3 Bd3 55. Ng7+ Kg6 56. Ne8 Be4 1/2-1/2

[Event "SVK-chT2D 0910"]
[Site "Slovakia"]
[Date "2009.11.08"]
[Round "4.5"]
[White "Pacholsky, Martin"]
[Black "Viszlai, Alexander"]
[Result "1/2-1/2"]
[WhiteElo "2049"]
[BlackElo "2009"]
[PlyCount "88"]
[EventDate "2009.10.10"]
[EventType "team"]
[EventRounds "11"]
[EventCountry "SVK"]
[SourceTitle "EXT 2011"]
[Source "ChessBase"]
[SourceDate "2010.11.26"]
[SourceVersion "1"]
[SourceVersionDate "2010.11.26"]
[SourceQuality "1"]
[WhiteTeam "Margecany"]
[BlackTeam "Kosice Slavia III"]
[WhiteTeamCountry "SVK"]
[BlackTeamCountry "SVK"]

1. e4 e5 2. Nf3 Nc6 3. d4 exd4 4. Nxd4 Bc5 5. Be3 Qf6 6. c3 Nge7 7. Bb5 a6 8. Ba4 b5 9. Bc2 0-0 10. Nxc6 Qxc6 11. Bxc5 Qxc5 12. 0-0 d5 13. Qh5 g6 14. Qg5 f6 15. Qf4 dxe4 16. Bxe4 Rb8 17. Nd2 Bf5 18. Bf3 Rbd8 19. Nb3 Qd6 20. Qxd6 Rxd6 21. Rad1 Rfd8 22. Rxd6 Rxd6 23. Rd1 Rxd1+ 24. Bxd1 Bc8 25. Bf3 Kf7 26. Kf1 f5 27. Nc5 c6 28. b4 Kf6 29. Ke2 Ke5 30. Nd3+ Kd6 31. Ke3 h6 32. g3 g5 33. Kd4 Ng6 34. Bh5 Nf8 35. Nc5 Nh7 36. a4 Nf6 37. Be2 h5 38. a5 g4 39. f4 Nd5 40. Nd3 Nc7 41. Nc5 Nd5 42. Nd3 Nc7 43. Nc5 Nd5 44. Nd3 Nc7 1/2-1/2

[Event "SVK-chT2D 0910"]
[Site "Slovakia"]
[Date "2009.11.07"]
[Round "3.5"]
[White "Nayhebaver, Martin"]
[Black "Viszlai, Alexander"]
[Result "1/2-1/2"]
[WhiteElo "1942"]
[BlackElo "2009"]
[PlyCount "119"]
[EventDate "2009.10.10"]
[EventType "team"]
[EventRounds "11"]
[EventCountry "SVK"]
[SourceTitle "EXT 2011"]
[Source "ChessBase"]
[SourceDate "2010.11.26"]
[SourceVersion "1"]
[SourceVersionDate "2010.11.26"]
[SourceQuality "1"]
[WhiteTeam "Kosice Slavia IV"]
[BlackTeam "Kosice Slavia III"]
[WhiteTeamCountry "SVK"]
[BlackTeamCountry "SVK"]

1. e4 e5 2. Nf3 Nc6 3. d4 exd4 4. Bc4 Nf6 5. 0-0 Nxe4 6. Re1 d5 7. Bxd5 Qxd5 8. Nc3 Qa5 9. Nxe4 Be6 10. Neg5 0-0-0 11. Nxe6 fxe6 12. Rxe6 Be7 13. Qe2 Bf6 14. Bf4 Qd5 15. Ne1 h5 16. Nd3 h4 17. Qe4 Qxe4 18. Rxe4 g5 19. Bd2 Rde8 20. Rae1 Rxe4 21. Rxe4 Rf8 22. Nc5 Nd8 23. b3 b6 24. Nd3 Nb7 25. Rg4 Nd6 26. f3 Nf7 27. Nf2 Ne5 28. Re4 Rd8 29. Nd3 Nxd3 30. cxd3 Rd6 31. Re1 Kd7 32. Kf2 c5 33. f4 gxf4 34. Bxf4 Rd5 35. Kf3 Be7 36. g4 hxg3 37. hxg3 Rh5 38. Re2 b5 39. Kg4 Rh1 40. Kf3 Rf1+ 41. Ke4 Rg1 42. Kd5 Rd1 43. Rd2 Rf1 44. Rg2 Rd1 45. Bd2 Ra1 46. Bf4 Rd1 47. Rd2 Rf1 48. Ke4 Re1+ 49. Kf3 Ke6 50. Re2+ Rxe2 51. Kxe2 a5 52. Kf3 Kd5 53. g4 a4 54. g5 axb3 55. axb3 c4 56. g6 Bf6 57. Bg5 Bg7 58. bxc4+ bxc4 59. dxc4+ Kxc4 60. Ke4 1/2-1/2

[Event "SVK-chT2D 0910"]
[Site "Slovakia"]
[Date "2009.10.11"]
[Round "2.5"]
[White "Viszlai, Alexander"]
[Black "Tropp, Lukas"]
[Result "0-1"]
[WhiteElo "2009"]
[BlackElo "1924"]
[PlyCount "56"]
[EventDate "2009.10.10"]
[EventType "team"]
[EventRounds "11"]
[EventCountry "SVK"]
[SourceTitle "EXT 2011"]
[Source "ChessBase"]
[SourceDate "2010.11.26"]
[SourceVersion "1"]
[SourceVersionDate "2010.11.26"]
[SourceQuality "1"]
[WhiteTeam "Kosice Slavia III"]
[BlackTeam "Kezmarok II"]
[WhiteTeamCountry "SVK"]
[BlackTeamCountry "SVK"]

1. e4 e5 2. Nf3 Nc6 3. d4 exd4 4. c3 d5 5. exd5 Qxd5 6. Be2 Bg4 7. 0-0 0-0-0 8. Qa4 d3 9. Bd1 Nf6 10. Nbd2 Bd6 11. b4 Kb8 12. c4 Qh5 13. c5 Be5 14. Rb1 Nd4 15. Nxe5 Qxe5 16. Nc4 Qh5 17. Be3 Be2 18. Re1 Bxd1 19. Qxd1 Ne2+ 20. Kh1 Ng4 21. h3 Qh4 22. Rf1 Nxf2+ 23. Bxf2 Qxc4 24. Qd2 Qc2 25. Rfd1 Nc3 26. Rbc1 Qxd2 27. Rxd2 Ne4 28. Rb2 d2 0-1

[Event "SVK-chT2D 0809"]
[Site "Slovakia"]
[Date "2009.01.31"]
[Round "8.2"]
[White "Stec, Juraj"]
[Black "Viszlai, Alexander"]
[Result "1/2-1/2"]
[WhiteElo "2036"]
[BlackElo "1988"]
[PlyCount "59"]
[EventDate "2008.10.11"]
[EventType "team-tourn"]
[EventRounds "11"]
[EventCountry "SVK"]
[SourceTitle "EXT 2010"]
[Source "ChessBase"]
[SourceDate "2010.11.25"]
[SourceVersion "1"]
[SourceVersionDate "2010.11.25"]
[SourceQuality "1"]
[WhiteTeam "Kosice Akademik"]
[BlackTeam "Kosice Slavia UPJS III"]
[WhiteTeamCountry "SVK"]
[BlackTeamCountry "SVK"]

1. e4 e5 2. Nf3 Nc6 3. Bb5 a6 4. Ba4 Nf6 5. d3 d6 6. c3 Be7 7. Nbd2 0-0 8. 0-0 b5 9. Bc2 Re8 10. Re1 Bf8 11. Nf1 h6 12. Ng3 Bd7 13. d4 Na5 14. b4 Nb7 15. d5 a5 16. Bb2 Qc8 17. Qe2 c6 18. dxc6 Qxc6 19. Red1 Rec8 20. Bd3 Nd8 21. Nf1 Ne6 22. g3 Nc7 23. Rac1 Be6 24. a3 Qb6 25. N1d2 Nd7 26. Kg2 Qb7 27. Ne1 Nb6 28. f3 Na4 29. Ba1 axb4 30. cxb4 1/2-1/2

[Event "SVK-ch Seniors"]
[Site "Tatranske Matliare"]
[Date "2008.06.14"]
[Round "9"]
[White "Priam, Stefan"]
[Black "Viszlai, Alexander"]
[Result "0-1"]
[WhiteElo "1894"]
[BlackElo "1984"]
[PlyCount "80"]
[EventDate "2008.06.08"]
[EventType "swiss"]
[EventRounds "9"]
[EventCountry "SVK"]
[SourceTitle "EXT 2009"]
[Source "ChessBase"]
[SourceDate "2008.11.26"]
[SourceVersion "1"]
[SourceVersionDate "2008.11.26"]
[SourceQuality "1"]

1. d4 Nf6 2. c4 g6 3. Nc3 Bg7 4. e4 d6 5. Nf3 0-0 6. Be2 e5 7. d5 Nbd7 8. 0-0 Nc5 9. Qc2 a5 10. Be3 b6 11. a3 Ng4 12. Bxc5 bxc5 13. h3 Nh6 14. Rab1 f5 15. b4 cxb4 16. axb4 axb4 17. Rxb4 Nf7 18. Bd3 Ng5 19. Nxg5 Qxg5 20. Qc1 f4 21. Kh2 Qh4 22. f3 Bf6 23. Ne2 g5 24. Qe1 Qh6 25. g4 fxg3+ 26. Qxg3 Qg7 27. Rg1 Ra3 28. Nc1 h5 29. Rb3 Rxb3 30. Nxb3 Be7 31. Be2 Kh8 32. Nc1 Qh7 33. Nd3 g4 34. hxg4 hxg4+ 35. Kg2 gxf3+ 36. Bxf3 Rg8 37. Rh1 Qxh1+ 38. Kxh1 Rxg3 39. Ne1 Bh4 40. Kh2 Rh3+ 0-1

[Event "SVK-ch Seniors"]
[Site "Tatranske Matliare"]
[Date "2008.06.12"]
[Round "7"]
[White "Sajtlava, Igor"]
[Black "Viszlai, Alexander"]
[Result "1/2-1/2"]
[WhiteElo "1964"]
[BlackElo "1984"]
[PlyCount "35"]
[EventDate "2008.06.08"]
[EventType "swiss"]
[EventRounds "9"]
[EventCountry "SVK"]
[SourceTitle "EXT 2009"]
[Source "ChessBase"]
[SourceDate "2008.11.26"]
[SourceVersion "1"]
[SourceVersionDate "2008.11.26"]
[SourceQuality "1"]

1. c4 Nf6 2. Nc3 g6 3. e4 d6 4. d4 Bg7 5. f3 0-0 6. Be3 e5 7. d5 c6 8. Qd2 cxd5 9. cxd5 a6 10. Bd3 Nbd7 11. Nge2 b5 12. 0-0 Ne8 13. g4 f6 14. Ng3 Rf7 15. Rae1 Nf8 16. a3 Bd7 17. Na2 a5 18. b3 1/2-1/2